00905nam a2200253 a 450000100060000000300080000600500170001400800410003103500190007204000310009104100080012208200250013024501000015526000290025530000330028450400290031765000220034665000280036870000550039670000290045194200120048099900170049295201420050968131BD-RjUL20211209081732.0170330s1964 nyua b 001 0 eng  a(BD-RjUL)68340 aDLC/ICUcICUdBD-RjULbeng aeng00a571.74223bACT 196510aActions of hormones on molecular processes /cedited by Gerald Litwack [and] David Kritchevsky. aNew York :bWiley,c1964 axi, 583 p. :bill. ;c24 cm. aIncludes bibliographies. 0aHormones.9201968 0aHistochemistry.92019691 aKritchevsky, David,d1920-2006,ejoint ed.92019701 aLitwack, Gerald,9201967 2ddccBK c68131d68131 00102ddc40718NFICaRUCLbRUCLcReadingd1967-08-15eBook reviewg102.00l0o571.74 ACT 1965r2017-03-30 00:00:00tC-1w2021-12-09yBK